000 00645nam a2200229 a 4500
001 nice12345678
003 IN_TiNIC
005 20260116011607.0
008 050101s2013 hyda grp 000 0 eng
020 _a
_c400
082 0 0 _a201
_bKAI
100 _aKairanavi, M Rahmatullah
245 _aCritical Analysis of Christianity
_b A Case Study of Maulana Muhammad Rahmatullah Karanavi
260 _aHyderabad
_bHuda Book Distributors
_c2013
300 _a272p
500 _aincludes index and biblioraphy
650 _aChristianity-Polemics
700 1 _aKairanavi, M Rahmatullah
902 _bSRS
942 _cBK
999 _c2805
_d2805